00628nam a2200169 a 450000100100000000500170001000800410002704000250006808200160009310000180010924501260012726000520025330000210030565000810032670000230040770000280043000002368020200930022405.0101218s1970 xxu r 000 0 spa d aDO-SdBNPbspacBNPHU axxxxxbY31n1 aYate, Kyle M.10aNociones esenciales del hebreo bíblico /cKyle M. Yates ; revisión Juan José Owens ; traducción S. Daniel Daglio. aTexas :bCasa Bautista de Publicaicones,c1970. a301 p. ;c20 cm. 4aKyle m. yates ; revisión juan josé owens ; traducción s. daniel daglio1 aOwens, Juan José1 aDaglio, S. Daniel,etr.